[Event "40th World Junior Girls"]
[Site "Gandhinagar IND"]
[Date "2024.06.09"]
[Round "7.48"]
[White "Banker Reya"]
[Black "Falak Joni Naik"]
[Result "1-0"]
[WhiteElo "1421"]
[BlackElo "1653"]
[WhiteFideId "25146491"]
[BlackFideId "45069310"]
[EventDate "2024.06.02"]

1. d4 d5 2. c4 e6 3. Nc3 Nf6 4. cxd5 exd5 5. Bg5 Be7 6. e3 O-O 7. Bd3 h6 8. Bxf6
Bxf6 9. Qh5 g6 10. Qxd5 c6 11. Qxd8 Rxd8 12. Nge2 Be6 13. O-O Bg7 14. Be4 f5 15.
Nf4 Bf7 16. Bf3 g5 17. Nh5 Bh8 18. Ng3 Bg6 19. d5 Rc8 20. h3 Bg7 21. Rac1 Na6
22. dxc6 Nc7 23. Nd5 Kf7 24. b3 Be5 25. Ne2 h5 26. Nec3 g4 27. hxg4 hxg4 28.
Nxc7 gxf3 29. Nxa8 Bh5 30. Rfd1 Ke6 31. g3 Bg4 32. Kf1 Rxa8 33. Nb5 Rh8 34. Ke1
Bxg3 35. fxg3 Rh2 36. Nd4+ Ke7 37. Nxf3 Bxf3 38. c7 Rh1+ 39. Kf2 1-0

[Event "40th World Junior Girls"]
[Site "Gandhinagar IND"]
[Date "2024.06.09"]
[Round "7.49"]
[White "Asudani Ruhani Raj"]
[Black "ANDHIN, tehjha Nidhi"]
[Result "1-0"]
[WhiteElo "1645"]
[BlackElo "1361"]
[WhiteFideId "25697463"]
[BlackFideId "9700510"]
[EventDate "2024.06.02"]

1. d4 d5 2. c4 e6 3. cxd5 exd5 4. Nc3 Nf6 5. Bg5 h6 6. Bxf6 Qxf6 7. Nxd5 Qd6 8.
e4 c6 9. Nc3 Qe6 10. Nf3 Bb4 11. Qd3 O-O 12. Be2 Rd8 13. O-O b6 14. a3 Ba6 15.
Qc2 Bxe2 16. Qxe2 Be7 17. Rfe1 c5 18. Nd5 Qd7 19. Ne5 Qb7 20. Rac1 Nc6 21. Nxc6
Rxd5 22. Nxe7+ Qxe7 23. exd5 Qf6 24. dxc5 Qd8 25. d6 bxc5 26. Qe7 Qb6 27. d7 Rd8
28. Qxd8+ Qxd8 29. Re8+ 1-0

[Event "40th World Junior Girls"]
[Site "Gandhinagar IND"]
[Date "2024.06.10"]
[Round "8.1"]
[White "Divya, Deshmukh"]
[Black "Norman, Kseniya"]
[Result "1-0"]
[WhiteTitle "IM"]
[WhiteElo "2456"]
[BlackElo "2134"]
[WhiteFideId "35006916"]
[BlackFideId "13518780"]
[EventDate "2024.06.02"]

1. d4 Nf6 2. c4 g6 3. g3 Bg7 4. Bg2 O-O 5. Nc3 d6 6. Nf3 Nc6 7. d5 Na5 8. b3 c6
9. Bb2 Rb8 10. Rc1 e6 11. dxe6 fxe6 12. O-O d5 13. Na4 b6 14. Be5 Rb7 15. Bc3
Qe7 16. Ne5 Bd7 17. c5 Rc8 18. cxb6 axb6 19. Bxa5 bxa5 20. Nc5 Rbc7 21. Bh3 Kh8
22. Nexd7 Nxd7 23. Nxe6 Rb7 24. Nc5 Nxc5 25. Bxc8 Rc7 26. Bg4 Ne4 27. Qd3 Qb4
28. Bf3 Nc3 29. Rc2 d4 30. Rfc1 Qf8 31. Qa6 Qf5 32. Kg2 Bh6 33. Rxc3 dxc3 34.
Rxc3 c5 35. Qxa5 Rc8 36. b4 1-0

[Event "40th World Junior Girls"]
[Site "Gandhinagar IND"]
[Date "2024.06.10"]
[Round "8.2"]
[White "Abdinova, Narmin"]
[Black "Mkrtchyan, Mariam"]
[Result "0-1"]
[BlackTitle "WIM"]
[WhiteElo "2121"]
[BlackElo "2300"]
[WhiteFideId "13425340"]
[BlackFideId "13310828"]
[EventDate "2024.06.02"]

1. e4 e5 2. Nf3 Nc6 3. Bc4 Nf6 4. d3 d5 5. exd5 Nxd5 6. O-O Bc5 7. Re1 O-O 8. c3
Bg4 9. Nbd2 Nb6 10. Bb5 Bd6 11. Ne4 f5 12. Nxd6 cxd6 13. d4 Bxf3 14. Qxf3 e4 15.
Qg3 Ne7 16. Bg5 a6 17. Bf1 Rc8 18. c4 Kh8 19. Qb3 Re8 20. c5 dxc5 21. dxc5 Nd7
22. Red1 Qc7 23. Rac1 Nc6 24. Qh3 Rf8 25. Bc4 Rce8 26. Bd5 Nb4 27. Bxb7 Qxb7 28.
Qb3 Qb5 29. c6 Nc5 30. Qc3 Ncd3 31. a4 Qb6 32. c7 Rc8 33. Be3 Qe6 34. Bd4 Qf7
35. Ra1 Rxc7 0-1

[Event "40th World Junior Girls"]
[Site "Gandhinagar IND"]
[Date "2024.06.10"]
[Round "8.3"]
[White "Kaldarova, Ayaulym"]
[Black "Rakshitta, Ravi"]
[Result "0-1"]
[WhiteTitle "WFM"]
[BlackTitle "WGM"]
[WhiteElo "2100"]
[BlackElo "2271"]
[WhiteFideId "13720503"]
[BlackFideId "25073230"]
[EventDate "2024.06.02"]

1. Nf3 Nf6 2. c4 Nc6 3. g3 e5 4. Bg2 d5 5. cxd5 Nxd5 6. O-O Nb6 7. b3 Be7 8. Bb2
f6 9. d3 Be6 10. Nbd2 a5 11. a3 O-O 12. Rc1 Nd7 13. d4 exd4 14. Ne4 f5 15. Nxd4
Nxd4 16. Qxd4 Rf7 17. Bh3 c5 18. Qd2 Qb6 19. Ng5 Bxg5 20. Qxg5 Qxb3 21. Rb1 Qc2
22. Rfc1 Qxe2 23. Re1 Qa6 24. Bg2 h6 25. Qd2 Re8 26. Bc3 b5 27. Bxa5 Nf6 28. Bc3
Ne4 29. Qb2 Bd7 30. Bf1 c4 31. Bg2 Nxc3 32. Qxc3 Rfe7 33. Rxe7 Rxe7 34. Qb4 Qf6
35. a4 bxa4 36. Qxc4+ Kh7 37. h4 Qe5 38. Bd5 Be8 39. Bf3 a3 40. Qa2 Qc3 41. Bd5
Re5 42. Bb3 Re1+ 43. Kh2 Bc6 44. Bc2 Re5 45. Rb8 Bd5 46. Bb3 Qc7 47. Rb4 Ba8 48.
Bg8+ Kh8 49. Qc4 Re1 0-1

[Event "40th World Junior Girls"]
[Site "Gandhinagar IND"]
[Date "2024.06.10"]
[Round "8.4"]
[White "Krasteva, Beloslava"]
[Black "Sneha Halder"]
[Result "1-0"]
[WhiteTitle "FM"]
[WhiteElo "2289"]
[BlackElo "1958"]
[WhiteFideId "2922029"]
[BlackFideId "25693263"]
[EventDate "2024.06.02"]

1. d4 Nf6 2. c4 e6 3. Nc3 Bb4 4. e3 O-O 5. Bd3 d5 6. a3 Bxc3+ 7. bxc3 dxc4 8.
Bxc4 c5 9. Ne2 Qc7 10. Qd3 Rd8 11. O-O Nc6 12. Ba2 Ne5 13. Qb1 Neg4 14. g3 e5
15. f3 Nh6 16. dxe5 Qxe5 17. e4 c4 18. Be3 Nf5 19. Bd4 Nxd4 20. cxd4 Qg5 21.
Bxc4 Bh3 22. Rf2 Rac8 23. Qb3 Rc7 24. Nf4 Bc8 25. Rd1 h5 26. e5 Ne8 27. Ng2 Qh6
28. d5 Rc5 29. f4 Bg4 30. Be2 Bxe2 31. Rxe2 Qa6 32. Red2 Rb5 33. Qf3 Ra5 34. d6
Rxa3 35. Qxh5 Ra1 36. Ne3 Rxd1+ 37. Qxd1 Qb6 38. Rd4 Qc5 39. Nd5 Nxd6 40. exd6
Rxd6 41. Kf1 Re6 42. f5 Rh6 43. h4 a5 44. Rg4 Kf8 45. Qd4 Qxd4 46. Rxd4 Rd6 47.
Ke2 b5 48. Kd3 Rd8 49. Nc3 Rb8 50. Rd5 b4 51. Na4 b3 52. Kc3 Rb4 53. Rd4 Rb5 54.
g4 Ke7 55. Kb2 Kf6 56. Nc3 Rb7 57. Rd5 a4 58. Ra5 a3+ 59. Rxa3 Ke5 60. Ra4 Rb8
61. Re4+ Kd6 62. g5 Ra8 63. Kxb3 Ra1 64. Kc4 Ra5 65. Nb5+ Kc6 66. Nd4+ Kd6 67.
Re8 Ra4+ 68. Kd3 Kd5 69. Nf3 Rf4 70. Rd8+ Kc5 1-0

[Event "40th World Junior Girls"]
[Site "Gandhinagar IND"]
[Date "2024.06.10"]
[Round "8.5"]
[White "Balabayeva, Xeniya"]
[Black "Swara Lakshmi S Nair"]
[Result "1/2-1/2"]
[WhiteTitle "WIM"]
[BlackTitle "WCM"]
[WhiteElo "2246"]
[BlackElo "2051"]
[WhiteFideId "13719688"]
[BlackFideId "25629239"]
[EventDate "2024.06.02"]

1. e4 c5 2. Nf3 d6 3. Bb5+ Bd7 4. Bxd7+ Qxd7 5. O-O Nc6 6. c3 Nf6 7. Qe2 e6 8.
d4 cxd4 9. cxd4 d5 10. e5 Ne4 11. Nbd2 Nxd2 12. Bxd2 Bb4 13. Bf4 O-O 14. h4 Rfc8
15. h5 h6 16. Rad1 Be7 17. a3 Qd8 18. Rd3 Na5 19. b4 Nc4 20. Nh2 a5 21. b5 a4
22. Rg3 Kh8 23. Bc1 Rc7 24. Ng4 Qf8 25. Qd3 Rac8 26. Bf4 Nxa3 27. Nf6 gxf6 28.
exf6 Bxf6 29. Bxc7 Rxc7 30. Qxa3 Qxa3 31. Rxa3 Rc4 32. b6 Bxd4 33. Rb1 Bc5 34.
Raa1 a3 35. Rc1 Rxc1+ 36. Rxc1 Bxb6 37. Rc3 Kg7 38. Rxa3 Bc5 39. Rb3 b6 40. g4
Kf6 41. Kg2 Kg5 42. Kg3 Bd6+ 43. Kf3 Bc5 44. Kg3 Bd6+ 45. Kf3 Bc5 46. Kg3 1/2-1/2

[Event "40th World Junior Girls"]
[Site "Gandhinagar IND"]
[Date "2024.06.10"]
[Round "8.6"]
[White "Agajanova, Meryem"]
[Black "Hryzlova, Sofiia"]
[Result "0-1"]
[WhiteTitle "WCM"]
[BlackTitle "WIM"]
[WhiteElo "1955"]
[BlackElo "2246"]
[WhiteFideId "14005930"]
[BlackFideId "14174669"]
[EventDate "2024.06.02"]

1. d4 Nf6 2. c4 e6 3. Nf3 d5 4. g3 Bb4+ 5. Bd2 Be7 6. Bg2 c6 7. Qc2 Ne4 8. Nc3
Nxd2 9. Qxd2 Nd7 10. Qd3 O-O 11. O-O f5 12. Rab1 a5 13. a3 Bf6 14. Rfd1 g5 15.
cxd5 cxd5 16. Nb5 Ra6 17. Rbc1 h5 18. Rc2 g4 19. Ne1 Nb8 20. Qd2 Bd7 21. Nc7 Rc6
22. Nxd5 exd5 23. Bxd5+ Kg7 24. Bxc6 Bxc6 25. Rc5 Ba4 26. Nc2 Be7 27. Rc3 Qb6
28. b3 Be8 29. d5 Bd7 30. Qd4+ Qxd4 31. Nxd4 Na6 32. Ne6+ Bxe6 33. dxe6 Kf6 34.
Rd7 Rb8 35. a4 Kxe6 36. Rdd3 Bb4 37. Re3+ Kf6 38. Rc4 Nc5 39. Kg2 Rd8 40. h3 b6
41. hxg4 hxg4 42. f4 Rd6 43. Re8 Nxb3 44. Rcc8 Rd2 45. Rc6+ Kf7 46. Re5 Nd4 47.
Rxb6 Rxe2+ 48. Rxe2 Nxe2 49. Rb5 Kf6 50. Rb6+ Ke7 51. Rb5 Nd4 52. Rd5 Nc2 53.
Kf2 Ke6 54. Re5+ Kf6 55. Ke2 Nd4+ 56. Kd3 Nb3 57. Kc4 Nd2+ 58. Kd5 Ne4 59. Re6+
Kf7 60. Rc6 Nxg3 61. Ke5 Ne2 62. Rf6+ Ke7 63. Rxf5 g3 64. Rg5 Bd6+ 65. Ke4 Bxf4
66. Rg4 Kf6 67. Rg8 Bc7 68. Kf3 Nd4+ 69. Ke4 Ne6 70. Kd5 Bf4 71. Kc6 Ng5 72.
Rf8+ Ke5 73. Re8+ Kd4 74. Kb5 Bd2 75. Re2 Bb4 76. Rg2 Ne4 0-1

[Event "40th World Junior Girls"]
[Site "Gandhinagar IND"]
[Date "2024.06.10"]
[Round "8.7"]
[White "Zhurova, Anna"]
[Black "Rindhiya, V"]
[Result "0-1"]
[WhiteTitle "WFM"]
[BlackTitle "WFM"]
[WhiteElo "2239"]
[BlackElo "1965"]
[WhiteFideId "54113075"]
[BlackFideId "25040529"]
[EventDate "2024.06.02"]

1. e4 e5 2. Nf3 Nc6 3. Bb5 a6 4. Ba4 Nf6 5. O-O Be7 6. Re1 b5 7. Bb3 d6 8. c3
O-O 9. h3 Na5 10. Bc2 c5 11. d4 cxd4 12. cxd4 Qc7 13. Nc3 Bb7 14. d5 Bc8 15. a4
Bd7 16. Bd3 Qb7 17. axb5 axb5 18. b3 Rfc8 19. Bb2 Qb6 20. Nd2 Nb7 21. Rc1 Nc5
22. Bb1 Ne8 23. Kh1 Bg5 24. Bc2 b4 25. Ne2 Bb5 26. Ng3 Bd3 27. Nf5 g6 28. Ne3
Qb7 29. Nf3 Nxe4 30. Kg1 Bxe3 31. Rxe3 Bxc2 32. Rxc2 Rxc2 33. Qxc2 N4f6 34. Ng5
Qxd5 35. Rd3 Qb7 36. f4 h6 37. fxe5 dxe5 38. Nxf7 Qxf7 39. Bxe5 Ra6 40. Qc8 Qe6
41. Rd8 Qxc8 42. Rxc8 Kf7 43. Rb8 Nd5 44. Rb5 Ke6 45. Bg3 Ra3 46. Rb8 Nef6 47.
Rc8 Rxb3 48. Rc6+ Kd7 49. Rd6+ Ke7 50. Be5 Re3 51. Bh2 b3 0-1

[Event "40th World Junior Girls"]
[Site "Gandhinagar IND"]
[Date "2024.06.10"]
[Round "8.8"]
[White "Shohradova, Lala"]
[Black "Sachi Jain"]
[Result "0-1"]
[WhiteTitle "WFM"]
[BlackTitle "WFM"]
[WhiteElo "2000"]
[BlackElo "2124"]
[WhiteFideId "14004089"]
[BlackFideId "25974050"]
[EventDate "2024.06.02"]

1. d4 e6 2. c4 Nf6 3. g3 d5 4. Nf3 dxc4 5. Bg2 Bd7 6. Ne5 Bc6 7. Nxc6 Nxc6 8.
O-O Qd7 9. e3 Rd8 10. Qe2 e5 11. Qxc4 exd4 12. exd4 Nxd4 13. Re1+ Be7 14. Be3 c5
15. Bxd4 cxd4 16. Qc5 b6 17. Qe5 Qd6 18. Qb5+ Kf8 19. Nd2 Qb4 20. Qd3 Qxb2 21.
Rac1 Qa3 22. Qe2 d3 23. Qe5 Qd6 24. Qe3 Qd7 25. Bh3 Nd5 26. Bxd7 Nxe3 27. Bb5
Nf5 28. Rc3 Nd4 29. Bxd3 Bb4 30. Rc7 Ne6 31. Rc4 Bxd2 32. Rd1 Rxd3 33. Rc8+ Rd8
34. Rxd8+ Nxd8 35. Rxd2 Ke7 36. Rc2 Ne6 37. f4 Rd8 38. Kf2 Rd5 39. Ke3 Rc5 40.
Rb2 Rc3+ 41. Ke4 Nc5+ 42. Kd5 Kd7 43. Kd4 Rd3+ 44. Kc4 Kc6 45. Rc2 b5+ 46. Kb4
Kb6 0-1

[Event "40th World Junior Girls"]
[Site "Gandhinagar IND"]
[Date "2024.06.10"]
[Round "8.9"]
[White "Wikar, Martyna"]
[Black "Dakshita Kumawat"]
[Result "1-0"]
[WhiteTitle "WIM"]
[WhiteElo "2272"]
[BlackElo "1928"]
[WhiteFideId "21807663"]
[BlackFideId "25944304"]
[EventDate "2024.06.02"]

1. e4 e6 2. d4 d5 3. Bd3 dxe4 4. Bxe4 Nf6 5. Bf3 c5 6. Ne2 Nc6 7. Be3 cxd4 8.
Nxd4 Ne5 9. Nc3 Be7 10. Qe2 Nxf3+ 11. Qxf3 Qa5 12. Nc6 Qh5 13. Qxh5 Nxh5 14.
Nxe7 Kxe7 15. Bc5+ Kf6 16. O-O-O b6 17. Bd6 Kg6 18. Rd4 h6 19. Rg4+ Kh7 20. Rc4
Rd8 21. Rd1 Nf6 22. Be5 Rxd1+ 23. Kxd1 Ba6 24. Rd4 Bb7 25. Bxf6 gxf6 26. f3 Bc6
27. Ke2 b5 28. Ke3 a5 29. Ne4 f5 30. Nf6+ Kg7 31. Nd7 Ra7 32. Ne5 Bd5 33. a4 Kf6
34. Nd3 b4 35. Nf4 Bc6 36. b3 Rc7 37. Rc4 Ke7 38. Rc5 Kd6 39. Rxa5 Bd7 40. Ra6+
Ke7 41. Kd2 Bc8 42. Rb6 Rd7+ 43. Nd3 1-0

[Event "40th World Junior Girls"]
[Site "Gandhinagar IND"]
[Date "2024.06.10"]
[Round "8.10"]
[White "Allahverdiyeva, Ayan"]
[Black "Arshiya Das"]
[Result "1-0"]
[WhiteTitle "WIM"]
[BlackTitle "WCM"]
[WhiteElo "2133"]
[BlackElo "1919"]
[WhiteFideId "13412590"]
[BlackFideId "25652150"]
[EventDate "2024.06.02"]

1. e4 c5 2. Nf3 d6 3. d4 cxd4 4. Nxd4 Nf6 5. Nc3 a6 6. h3 e5 7. Nb3 Qc7 8. Bg5
Be6 9. Bxf6 gxf6 10. Nd5 Bxd5 11. Qxd5 Nc6 12. Qc4 O-O-O 13. O-O-O Kb8 14. Kb1
Rc8 15. c3 h5 16. h4 Rh7 17. Qd3 Nd8 18. Qf3 Be7 19. Na1 Ne6 20. Nc2 Qb6 21. Nb4
Nc7 22. Be2 Rhh8 23. Ka1 a5 24. Nd5 Nxd5 25. Rxd5 a4 26. a3 Rc5 27. Qe3 Kc7 28.
Rd2 Qc6 29. Bf3 Qb5 30. g3 Bf8 31. Rd3 Be7 32. Rhd1 Qc6 33. Qe2 b5 34. Bxh5 Rf8
35. Qg4 Qe8 36. Rd5 Rg8 37. Qf5 Rg7 38. Bg4 Kc6 39. Qf3 Rc4 40. Bh3 Qb8 41. Bf1
Rc5 42. Qd3 Qa7 43. Rxc5+ Qxc5 44. Qd5+ Qxd5 45. Rxd5 Rg4 46. Bxb5+ Kb6 47. Bd3
Bf8 48. Kb1 Be7 49. Rb5+ Kc6 50. Ra5 Kb6 51. Ra8 Kc7 52. Rxa4 Kb7 53. Bc4 Rg7
54. Bd5+ Kb6 55. Ra8 Kc7 56. a4 Bd8 57. a5 Kd7 58. a6 Bb6 59. a7 Bxa7 60. Rxa7+
Kd8 61. Rxf7 Rg6 62. b4 Kc8 63. b5 Rg8 64. b6 Re8 65. Ra7 Rd8 66. Ra8+ Kd7 67.
b7 f5 68. Rxd8+ Kxd8 69. b8=Q+ Kd7 70. exf5 e4 71. f6 e3 72. Qb7+ Kd8 73. f7 e2
74. f8=Q# 1-0

[Event "40th World Junior Girls"]
[Site "Gandhinagar IND"]
[Date "2024.06.10"]
[Round "8.11"]
[White "Shubhi Gupta"]
[Black "Tejaswini G"]
[Result "1-0"]
[WhiteTitle "WFM"]
[BlackTitle "WIM"]
[WhiteElo "1943"]
[BlackElo "2059"]
[WhiteFideId "25195425"]
[BlackFideId "25749978"]
[EventDate "2024.06.02"]

1. d4 Nf6 2. c4 g6 3. g3 Bg7 4. Bg2 O-O 5. Nc3 d6 6. Nf3 c6 7. e4 Nbd7 8. O-O e5
9. b3 Re8 10. h3 Qc7 11. Bb2 exd4 12. Nxd4 Nc5 13. Re1 a5 14. Qd2 a4 15. Rab1
axb3 16. axb3 Bd7 17. b4 Na4 18. Nxa4 Rxa4 19. Bc3 Rea8 20. Nc2 Be6 21. e5 dxe5
22. Bxe5 Qc8 23. Qc3 Ne8 24. Rbd1 Bxh3 25. Bxh3 Qxh3 26. Bxg7 Nxg7 27. Qf6 Nh5
28. Rd8+ Rxd8 29. Qxd8+ Kg7 30. Qc7 Qf5 31. Nd4 Qf6 32. Ne6+ Kh6 33. Nd8 Ng7 34.
Nxf7+ Kh5 35. g4+ Kxg4 36. Qg3+ Kh5 37. Qh3+ Qh4 38. Re5+ Nf5 39. Rxf5+ gxf5 40.
Qxf5+ 1-0

[Event "40th World Junior Girls"]
[Site "Gandhinagar IND"]
[Date "2024.06.10"]
[Round "8.12"]
[White "Striskova, Lucia"]
[Black "Anupam, M Sreekumar"]
[Result "0-1"]
[BlackTitle "WCM"]
[WhiteElo "2023"]
[BlackElo "1872"]
[WhiteFideId "14960958"]
[BlackFideId "45033501"]
[EventDate "2024.06.02"]

1. e4 e6 2. d4 d5 3. Nc3 Bb4 4. e5 c5 5. a3 Bxc3+ 6. bxc3 Ne7 7. Qg4 Qc7 8. Qxg7
Rg8 9. Qxh7 cxd4 10. Ne2 Nbc6 11. f4 dxc3 12. Qd3 Bd7 13. Qxc3 Nf5 14. Rb1 Rc8
15. Rg1 Ncd4 16. Qxc7 Rxc7 17. Kf2 Rxc2 18. Rxb7 Bb5 19. Rb8+ Kd7 20. Rxg8 Bxe2
21. Bxe2 Rxe2+ 22. Kf1 Rc2 23. g4 Rxc1+ 24. Kg2 Nh4+ 25. Kf2 Rc2+ 26. Ke3 Ndf3
27. Rd1 d4+ 28. Ke4 Re2+ 29. Kd3 Re3+ 30. Kc4 Ng6 31. Rb8 Nxf4 32. Rb7+ Kc6 33.
Rxa7 Rc3+ 34. Kb4 Nd3+ 35. Rxd3 Rxd3 36. Rxf7 Nxe5 37. Rf6 Kd5 38. g5 Rh3 39.
Rf8 Rxh2 40. a4 Rb2+ 41. Ka5 Kc5 42. Ka6 Rb6+ 43. Ka7 Nc6+ 44. Ka8 Ra6+ 45. Kb7
Ra7+ 0-1

[Event "40th World Junior Girls"]
[Site "Gandhinagar IND"]
[Date "2024.06.10"]
[Round "8.13"]
[White "Kashthuri, Bhai R"]
[Black "Gunawardhana, Devindya Oshini"]
[Result "0-1"]
[BlackTitle "WFM"]
[WhiteElo "1765"]
[BlackElo "1980"]
[WhiteFideId "25611607"]
[BlackFideId "29941482"]
[EventDate "2024.06.02"]

1. e4 e5 2. Nf3 Nc6 3. Bc4 Nf6 4. d3 Bc5 5. c3 d6 6. b4 Bb6 7. Qb3 O-O 8. Bg5 h6
9. Bh4 g5 10. Bg3 Bd7 11. Nbd2 a5 12. b5 a4 13. Qd1 Ne7 14. h3 Ng6 15. h4 g4 16.
h5 Nf4 17. Nh4 N4xh5 18. Nf1 c6 19. bxc6 bxc6 20. Qd2 Kg7 21. Ne3 Bxe3 22. Qxe3
Rh8 23. a3 Qa5 24. O-O Qxc3 25. Rfc1 Qa5 26. d4 exd4 27. Qxd4 Nxg3 28. fxg3 Qa7
29. Rd1 Rhe8 30. Qxa7 Rxa7 31. Rxd6 Nxe4 32. Rd3 Be6 33. Bxe6 Rxe6 34. Rd4 h5
35. Nf5+ Kg6 36. Rf1 Nc3 37. Rc4 Nd5 38. Rc5 Rc7 39. Nd4 Rd6 40. Rfc1 f6 41.
Nxc6 Rcd7 42. Re1 Kh6 43. Nd4 Ne3 44. Nb5 Rd3 45. Nc3 R7d4 46. Kf2 Rxc3 47. Rxc3
Nd1+ 48. Rxd1 Rxd1 49. Rc4 Rd2+ 50. Kg1 Rd3 51. Rxa4 Rxg3 52. Ra5 Kg6 53. Ra8
Kg5 54. Kf2 h4 55. a4 Ra3 56. Rg8+ Kf4 57. Rh8 Ra2+ 58. Kf1 Kg3 59. Rg8 Rxa4 0-1

[Event "40th World Junior Girls"]
[Site "Gandhinagar IND"]
[Date "2024.06.10"]
[Round "8.14"]
[White "Ishvi, Aggarwal"]
[Black "Kurmangaliyeva, Liya"]
[Result "0-1"]
[WhiteTitle "WCM"]
[BlackTitle "FM"]
[WhiteElo "1928"]
[BlackElo "2282"]
[WhiteFideId "25728890"]
[BlackFideId "13725831"]
[EventDate "2024.06.02"]

1. d4 Nf6 2. c4 e6 3. g3 d5 4. Bg2 Bb4+ 5. Bd2 Be7 6. Nf3 O-O 7. O-O c6 8. Nc3
dxc4 9. e4 a5 10. h4 Nbd7 11. Re1 e5 12. d5 Qc7 13. dxc6 Qxc6 14. Nd5 Bc5 15.
Rc1 Ng4 16. Re2 b5 17. b3 Nb6 18. Be1 Re8 19. Rec2 Nxd5 20. exd5 Qb6 21. Ng5 Bd7
22. Ne4 Ba3 23. Rb1 cxb3 24. Rxb3 Bf8 25. Rc6 Bxc6 26. dxc6 h5 27. Nc3 b4 28.
Nd5 Qa7 29. Bf3 Rac8 30. Qc2 Bc5 31. Rb1 Rxc6 32. Ne7+ Qxe7 33. Bxc6 Rc8 34. Qe4
Bxf2+ 35. Bxf2 Nxf2 36. Qf3 Ng4 37. Rc1 Qa7+ 38. Kg2 Qd4 39. Re1 g6 40. Kh3 Qd2
41. Re2 Qd6 42. Bd5 Qd7 43. Kg2 Rc3 44. Qe4 Kg7 0-1

[Event "40th World Junior Girls"]
[Site "Gandhinagar IND"]
[Date "2024.06.10"]
[Round "8.15"]
[White "Kanyamarala, Trisha"]
[Black "Bhagyashree, Patil"]
[Result "1/2-1/2"]
[WhiteTitle "WIM"]
[BlackTitle "WFM"]
[WhiteElo "2219"]
[BlackElo "1929"]
[WhiteFideId "45004722"]
[BlackFideId "25053256"]
[EventDate "2024.06.02"]

1. d4 d5 2. c4 c6 3. Nf3 Nf6 4. e3 e6 5. Nc3 Nbd7 6. Bd3 Bd6 7. e4 dxe4 8. Nxe4
Nxe4 9. Bxe4 Nf6 10. Bc2 O-O 11. O-O c5 12. dxc5 Bxc5 13. Qe2 h6 14. Bf4 b6 15.
Rfd1 Qe7 16. a3 a5 17. Ne5 Bb7 18. Bg3 Rfd8 19. Bh4 g5 20. Bg3 Rxd1+ 21. Rxd1
Rd8 22. Rxd8+ Qxd8 23. h4 Qd4 24. hxg5 hxg5 25. Nf3 Qg4 26. Qe5 Bxf3 27. gxf3
Qxf3 28. Qxg5+ Kf8 29. Bh4 1/2-1/2

[Event "40th World Junior Girls"]
[Site "Gandhinagar IND"]
[Date "2024.06.10"]
[Round "8.16"]
[White "Kirtadze, Anastasia"]
[Black "Gasparyan, Milena"]
[Result "1/2-1/2"]
[WhiteTitle "WFM"]
[WhiteElo "2142"]
[BlackElo "1909"]
[WhiteFideId "13622714"]
[BlackFideId "13311670"]
[EventDate "2024.06.02"]

1. e4 e5 2. Nf3 Nc6 3. Bb5 a6 4. Ba4 Nf6 5. O-O b5 6. Bb3 Bc5 7. c3 d6 8. a4 Rb8
9. d4 Bb6 10. a5 Ba7 11. Be3 O-O 12. h3 Ra8 13. Nbd2 h6 14. Re1 Re8 15. Qc2 exd4
16. Nxd4 Bd7 17. Nxc6 Bxc6 18. Bxa7 Rxa7 19. c4 Nd7 20. cxb5 Bxb5 21. Re3 Nc5
22. Ba2 Ne6 23. Bxe6 Rxe6 24. Nf3 c5 25. Qc3 Rd7 26. b4 d5 27. exd5 Rxe3 28.
Qxe3 cxb4 29. Qb3 Rxd5 30. Qxb4 Be2 31. Ne1 Rd1 32. Rxd1 Qxd1 33. Kh2 g6 34. Qc3
Qd6+ 35. Kg1 Qd1 36. Kh2 Qd6+ 1/2-1/2

[Event "40th World Junior Girls"]
[Site "Gandhinagar IND"]
[Date "2024.06.10"]
[Round "8.17"]
[White "Bristy, Mukherjee"]
[Black "Grozdanovic, Anastasia"]
[Result "1-0"]
[WhiteTitle "WFM"]
[BlackTitle "WFM"]
[WhiteElo "1902"]
[BlackElo "2108"]
[WhiteFideId "25077325"]
[BlackFideId "979996"]
[EventDate "2024.06.02"]

1. e4 c6 2. d3 d5 3. Nd2 e5 4. g3 Bd6 5. Bg2 Ne7 6. Ne2 d4 7. f4 Bg4 8. h3 Bxe2
9. Qxe2 Qc7 10. Nc4 Bb4+ 11. c3 dxc3 12. O-O Nd7 13. fxe5 O-O 14. d4 b5 15. a3
bxc4 16. axb4 Qb6 17. bxc3 Nxe5 18. Ra5 Nd3 19. Be3 Qc7 20. Kh2 Nc8 21. Qa2 Nb6
22. Ra1 f5 23. e5 a6 24. Rxa6 Rxa6 25. Qxa6 Ra8 26. Qxa8+ Nxa8 27. Rxa8+ Kf7 28.
Ra6 h5 29. Rxc6 Qa7 30. Bd5+ Kf8 31. Rc8+ Ke7 32. Bg5+ Kd7 33. Rd8+ Kc7 34. Ra8 1-0

[Event "40th World Junior Girls"]
[Site "Gandhinagar IND"]
[Date "2024.06.10"]
[Round "8.19"]
[White "Mrittika Mallick"]
[Black "Bhat Sannidhi Ramakrishna"]
[Result "0-1"]
[WhiteElo "2076"]
[BlackElo "1842"]
[WhiteFideId "25902997"]
[BlackFideId "25792695"]
[EventDate "2024.06.02"]

1. e4 d5 2. exd5 Qxd5 3. Nc3 Qa5 4. d4 Nf6 5. Nf3 Bf5 6. Bd2 e6 7. Bc4 Bb4 8.
Qe2 O-O 9. O-O-O Nc6 10. Kb1 Rad8 11. a3 Bxc3 12. Bxc3 Qa4 13. Bd3 Nd5 14. Qe1
Rfe8 15. h3 b5 16. g4 Bxd3 17. Rxd3 b4 18. Bd2 Rb8 19. Qe4 bxa3 20. b3 Rb6 21.
Ka1 Ncb4 22. Bxb4 Qxb4 23. Ng5 h6 24. Nf3 a5 25. g5 h5 26. Ne5 Qe7 27. Rf3 Rf8
28. Re1 a4 29. g6 f5 30. Qe2 axb3 31. cxb3 Qh4 32. Rd1 Rb4 33. Nc6 Qf6 34. Nxb4
Nxb4 35. Rc3 Rd8 36. Rc4 c5 37. Qxh5 cxd4 38. Rd3 Qe5 39. Rd2 d3+ 40. Kb1 a2+
41. Rxa2 Nxa2 42. Qh7+ Kf8 43. Kxa2 Ra8+ 44. Ra4 Rxa4+ 45. bxa4 d2 46. Qh8+ Ke7
47. Qh4+ Ke8 48. Qh8+ Kd7 49. Qf8 d1=Q 50. Qf7+ Kd8 51. Qf8+ Kc7 52. Qe7+ Qd7
53. Kb3 0-1

[Event "40th World Junior Girls"]
[Site "Gandhinagar IND"]
[Date "2024.06.10"]
[Round "8.20"]
[White "Kriti, Mayur Patel"]
[Black "Rzali, Sabina"]
[Result "1-0"]
[WhiteTitle "WCM"]
[BlackTitle "WCM"]
[WhiteElo "1691"]
[BlackElo "2073"]
[WhiteFideId "35061780"]
[BlackFideId "13410920"]
[EventDate "2024.06.02"]

1. e4 e6 2. d4 d5 3. Nc3 Nf6 4. e5 Nfd7 5. f4 c5 6. Nf3 Nc6 7. Be3 Be7 8. Qd2
O-O 9. O-O-O a6 10. dxc5 Bxc5 11. Bxc5 Nxc5 12. h4 Qa5 13. Kb1 Rd8 14. Bd3 b5
15. h5 h6 16. g4 Nb4 17. a3 Ncxd3 18. cxd3 Nc6 19. Ne2 Qb6 20. g5 hxg5 21. Nxg5
b4 22. a4 Bd7 23. d4 Ne7 24. h6 gxh6 25. Rxh6 Ng6 26. Qd3 Be8 27. Rdh1 Kf8 28.
Qxg6 Ke7 29. Qf6+ Kd7 30. Nxf7 Rdc8 31. Nd6 1-0